[Event "SVK Extraliga 2018/2019"]
[Site "?"]
[Date "2019.04.13"]
[Round "10.2"]
[White "Vykouk, Jan"]
[Black "Neuman, Petr"]
[Result "1/2-1/2"]
[WhiteElo "2441"]
[BlackElo "2397"]
[PlyCount "108"]
[EventDate "2018.11.10"]
[WhiteTeam "SK Osuske"]
[BlackTeam "Liptovska sachova skola"]

1. e4 e5 2. Nf3 Nc6 3. Bb5 Nf6 4. d3 d6 5. O-O Bd7 6. c4 g6 7. Nc3 Bg7 8. Nd5
Nb8 9. Bxd7+ Nbxd7 10. Be3 O-O 11. Qb3 Qb8 12. Rac1 Ng4 13. Bg5 c6 14. h3 Nh6
15. Nc3 Nc5 16. Qa3 f6 17. Be3 Nxd3 18. Rcd1 Nc5 19. Bxc5 dxc5 20. Qxc5 Rf7 21.
Rd3 Bf8 22. Qe3 Qe8 23. Rfd1 Rc7 24. c5 Nf7 25. Nd2 Rd8 26. Nc4 Rcd7 27. Rxd7
Rxd7 28. b4 Qd8 29. Rxd7 Qxd7 30. Qd2 Qxd2 31. Nxd2 Nd8 32. Nc4 Kf7 33. Kf1 Ke6
34. Ke2 Kd7 35. Kd3 Kc7 36. g3 Ne6 37. Ne2 b6 38. cxb6+ axb6 39. a3 b5 40. Ne3
Kd6 41. f4 exf4 42. gxf4 c5 43. Nd5 f5 44. Nec3 Kc6 45. e5 cxb4 46. axb4 h6 47.
h4 g5 48. fxg5 hxg5 49. hxg5 Nxg5 50. Ne3 Bxb4 51. Nxf5 Bxc3 52. Kxc3 Kd5 53.
Kb4 Kxe5 54. Kxb5 Kxf5 1/2-1/2

[Event "SVK Extraliga 2018/2019"]
[Site "?"]
[Date "2019.04.13"]
[Round "10.3"]
[White "Hrabusa, Matej"]
[Black "Jablonicky, Martin"]
[Result "0-1"]
[WhiteElo "2406"]
[BlackElo "2322"]
[PlyCount "100"]
[EventDate "2018.11.10"]
[WhiteTeam "Liptovska sachova skola"]
[BlackTeam "SK Osuske"]

1. d4 Nf6 2. Nf3 g6 3. c4 Bg7 4. e3 O-O 5. Be2 b6 6. O-O Bb7 7. Nc3 d6 8. Qc2
Nbd7 9. Rd1 e6 10. Rb1 Qe7 11. b4 e5 12. c5 exd4 13. cxd6 cxd6 14. Nxd4 Ne5 15.
h3 Rac8 16. Qb3 Ne4 17. Nxe4 Bxe4 18. Rb2 Qg5 19. f3 Bd5 20. Qa3 Nc4 21. Bxc4
Rxc4 22. Rf2 Rfc8 23. Ne2 Be6 24. e4 Qb5 25. Qe3 Qxb4 26. Ba3 Qa4 27. Rxd6 b5
28. Rd2 Rc2 29. Rxc2 Rxc2 30. Qd3 h6 31. Be7 Kh7 32. Kh2 Bc4 33. Qe3 Qxa2 34.
Nc1 Qb1 35. Rxc2 Qxc2 36. Bb4 g5 37. Qc5 Bf6 38. Qf5+ Kg7 39. Bf8+ Kxf8 40.
Qxf6 Qxc1 41. Qh8+ Ke7 42. Qe5+ Be6 43. Qxb5 Qc7+ 44. Kh1 Kf6 45. Qb2+ Qe5 46.
Qa3 a5 47. Qf8 Kg6 48. Qg8+ Qg7 49. Qa8 Qa1+ 50. Kh2 Kg7 0-1

[Event "SVK Extraliga 2018/2019"]
[Site "?"]
[Date "2019.04.13"]
[Round "10.5"]
[White "Hausner, Ivan"]
[Black "Istona, Martin"]
[Result "1-0"]
[WhiteElo "2349"]
[BlackElo "2269"]
[PlyCount "125"]
[EventDate "2018.11.10"]
[WhiteTeam "Liptovska sachova skola"]
[BlackTeam "SK Osuske"]

1. c4 c5 2. Nf3 g6 3. g3 Bg7 4. Bg2 Nc6 5. Nc3 e6 6. e3 Nge7 7. d4 cxd4 8. Nxd4
d5 9. cxd5 Nxd5 10. Nxd5 exd5 11. Ne2 d4 12. exd4 Nxd4 13. Nxd4 Qxd4 14. Qxd4
Bxd4 15. O-O O-O 16. Rd1 Bg7 17. Be3 Be6 18. a4 a5 19. Bd5 Bxd5 20. Rxd5 Bxb2
21. Rb1 Bc3 22. Rxb7 Rfb8 23. Rc7 Rc8 24. Rcd7 Kg7 25. Rb5 Rab8 26. Ra7 h5 27.
Kg2 Ra8 28. Rab7 Bf6 29. Ba7 Bc3 30. Rd5 Rd8 31. Rdb5 Rdc8 32. Rb3 Kg8 33. Rd7
Bb4 34. Rf3 Rf8 35. Be3 Rad8 36. Rfxf7 Rxf7 37. Rxd8+ Rf8 38. Rxf8+ Kxf8 39.
Kf3 Kf7 40. Ke4 Ke6 41. Bf4 Be1 42. f3 Bb4 43. Be5 Be1 44. h3 Bb4 45. g4 hxg4
46. hxg4 Be1 47. f4 Bb4 48. f5+ gxf5+ 49. gxf5+ Kd7 50. Kd5 Be7 51. Bc3 Bd8 52.
Kc5 Kc8 53. Kb5 Kb7 54. Bxa5 Bf6 55. Bb4 Kc7 56. Kc5 Kb7 57. Kd6 Ka6 58. Ke6
Bb2 59. Bd6 Ka5 60. Be5 Bc1 61. f6 Kxa4 62. f7 Bh6 63. Bd6 1-0

[Event "SVK Extraliga 2018/2019"]
[Site "?"]
[Date "2019.04.13"]
[Round "10.6"]
[White "Gasa, Andrej"]
[Black "Haring, Filip"]
[Result "0-1"]
[WhiteElo "2243"]
[BlackElo "2309"]
[PlyCount "64"]
[EventDate "2018.11.10"]
[WhiteTeam "SK Osuske"]
[BlackTeam "Liptovska sachova skola"]

1. d4 Nf6 2. c4 e6 3. Nc3 Bb4 4. e3 b6 5. Bd2 Bb7 6. Nf3 O-O 7. Be2 d5 8. cxd5
exd5 9. O-O Nbd7 10. Rc1 a6 11. Qb3 Bd6 12. Rfe1 Re8 13. Bd3 c5 14. dxc5 Nxc5
15. Qc2 Nce4 16. h3 Rc8 17. Qb1 Bb8 18. Red1 b5 19. Be1 Qb6 20. Ne2 g5 21. Rxc8
Bxc8 22. Nc3 Bb7 23. Be2 g4 24. hxg4 Nxg4 25. Nxd5 Bxd5 26. Rxd5 Qh6 27. Bd3
Bh2+ 28. Kf1 Ng3+ 29. fxg3 Nxe3+ 30. Kf2 Nxd5 31. Bd2 Qb6+ 32. Kf1 Bxg3 0-1

[Event "SVK Extraliga 2018/2019"]
[Site "?"]
[Date "2019.04.13"]
[Round "10.7"]
[White "Haring, Viktor"]
[Black "Karas, Marek"]
[Result "1-0"]
[WhiteElo "2287"]
[BlackElo "2246"]
[PlyCount "87"]
[EventDate "2018.11.10"]
[WhiteTeam "Liptovska sachova skola"]
[BlackTeam "SK Osuske"]

1. e4 e6 2. d4 d5 3. Nd2 Be7 4. Bd3 c5 5. dxc5 Nf6 6. Qe2 Nc6 7. Ngf3 Bxc5 8.
c3 a6 9. O-O Be7 10. Re1 Qc7 11. e5 Nd7 12. Nb3 b6 13. Nbd4 Nc5 14. Bc2 Bb7 15.
Nxc6 Bxc6 16. Nd4 Bb7 17. Qg4 g6 18. Bh6 O-O-O 19. Qf4 Bf8 20. Bg5 Be7 21. Bxe7
Qxe7 22. b4 Ne4 23. b5 a5 24. Bxe4 dxe4 25. Nc6 Bxc6 26. bxc6 Rd5 27. Rxe4 Rhd8
28. h3 Rc5 29. Qf3 g5 30. Rd4 Rdd5 31. Rad1 Qc7 32. Rxd5 exd5 33. Rxd5 Rxc6 34.
Qf5+ Re6 35. Rd6 Qxc3 36. Rxe6 fxe6 37. Qxe6+ Kb7 38. Qf7+ Ka6 39. e6 Qa1+ 40.
Kh2 Qxa2 41. Qf6 Qe2 42. e7 a4 43. Qf8 Qe5+ 44. g3 1-0

[Event "SVK Extraliga 2018/2019"]
[Site "?"]
[Date "2019.04.13"]
[Round "10.8"]
[White "Jozefek, Michal"]
[Black "Plachetka, Jan"]
[Result "1/2-1/2"]
[WhiteElo "2192"]
[BlackElo "2291"]
[PlyCount "95"]
[EventDate "2018.11.10"]
[WhiteTeam "SK Osuske"]
[BlackTeam "Liptovska sachova skola"]

1. d4 Nf6 2. c4 c5 3. d5 b5 4. cxb5 a6 5. bxa6 g6 6. Nc3 Bxa6 7. e4 Bxf1 8.
Kxf1 d6 9. Nf3 Nbd7 10. g3 Bg7 11. Kg2 O-O 12. Re1 Qb6 13. a4 Rfb8 14. Ra3 Ne8
15. Nd2 Nc7 16. Qc2 Qa6 17. b3 Ne5 18. Re3 Ng4 19. Rf3 Ne5 20. Re3 e6 21. f4
Ng4 22. Rd3 exd5 23. Nxd5 Nxd5 24. exd5 Re8 25. Nf3 Re7 26. Ra2 Rae8 27. Qd1 c4
28. bxc4 Qxc4 29. Rc2 Qxa4 30. h3 Nf6 31. Ba3 Ne4 32. Rc6 Qa7 33. Qg1 Qa5 34.
Qb6 Qxb6 35. Rxb6 Ra7 36. Ng5 Nc3 37. Bxd6 h6 38. Be5 Na4 39. Rb8 Rxb8 40. Bxb8
Rb7 41. Nxf7 Kxf7 42. Be5 Rd7 43. Kf3 Nb6 44. Ke4 Ra7 45. Rb3 Nd7 46. Rb4 Bf8
47. Rc4 Bc5 48. Bd4 1/2-1/2

[Event "SVK Extraliga 2018/2019"]
[Site "?"]
[Date "2019.04.13"]
[Round "10.1"]
[White "Pechac, Jergus"]
[Black "Balogh, Csaba"]
[Result "1/2-1/2"]
[WhiteElo "2464"]
[BlackElo "2610"]
[PlyCount "48"]
[EventDate "2018.11.10"]
[WhiteTeam "CVC VIX Mladost Zilina"]
[BlackTeam "SK Modra"]

1. d4 Nf6 2. c4 e6 3. Nf3 Bb4+ 4. Bd2 c5 5. Bxb4 cxb4 6. g3 b6 7. Bg2 Bb7 8.
O-O a5 9. d5 exd5 10. Nh4 g6 11. cxd5 O-O 12. Nd2 d6 13. e4 Ba6 14. Re1 Nbd7
15. Ndf3 Ng4 16. Bh3 Nge5 17. Qd4 g5 18. Bxd7 gxh4 19. Nxe5 dxe5 20. Qxe5 Qxd7
21. Qg5+ Kh8 22. Qf6+ Kg8 23. Qg5+ Kh8 24. Qf6+ Kg8 1/2-1/2

[Event "SVK Extraliga 2018/2019"]
[Site "?"]
[Date "2019.04.13"]
[Round "10.2"]
[White "Martinovic, Sasa"]
[Black "Repka, Christopher"]
[Result "1-0"]
[WhiteElo "2555"]
[BlackElo "2482"]
[PlyCount "51"]
[EventDate "2018.11.10"]
[WhiteTeam "SK Modra"]
[BlackTeam "CVC VIX Mladost Zilina"]

1. d4 Nf6 2. c4 e6 3. Nf3 d5 4. Nc3 c6 5. e3 Nbd7 6. Qc2 Bd6 7. Bd3 dxc4 8.
Bxc4 O-O 9. O-O Qe7 10. h3 e5 11. b3 b5 12. Bd3 Bb7 13. Bb2 c5 14. Nh4 a6 15.
Nf5 Qe6 16. d5 Nxd5 17. Nxd5 Bxd5 18. Nxd6 Qxd6 19. Bxh7+ Kh8 20. Rad1 Nf6 21.
Bf5 Qc6 22. Bxe5 Bxg2 23. Rd6 Qf3 24. Rxf6 gxf6 25. Bxf6+ Kg8 26. Bh7# 1-0

[Event "SVK Extraliga 2018/2019"]
[Site "?"]
[Date "2019.04.13"]
[Round "10.6"]
[White "Maslik, Miroslav"]
[Black "Kopera, Michal"]
[Result "1-0"]
[WhiteElo "2366"]
[BlackElo "2136"]
[PlyCount "63"]
[EventDate "2018.11.10"]
[WhiteTeam "SK Modra"]
[BlackTeam "CVC VIX Mladost Zilina"]

1. Nf3 Nf6 2. g3 d5 3. Bg2 c6 4. O-O Bg4 5. c4 e6 6. d3 Bxf3 7. Bxf3 Be7 8.
cxd5 exd5 9. e4 Nbd7 10. Nc3 Ne5 11. Bg2 dxe4 12. dxe4 O-O 13. Qb3 Qb6 14. Qc2
Rfd8 15. Be3 Qa5 16. Rad1 Rxd1 17. Rxd1 Neg4 18. Bd4 c5 19. Bxf6 Bxf6 20. h3
Ne5 21. f4 Nc4 22. Nd5 Qxa2 23. Nxf6+ gxf6 24. Qc3 Qa6 25. b3 Nd6 26. Qxf6 Ne8
27. Qe7 c4 28. bxc4 Qxc4 29. Qg5+ Kf8 30. Rd5 Qc3 31. Rd7 Rc8 32. Qe7+ 1-0

[Event "SVK Extraliga 2018/2019"]
[Site "?"]
[Date "2019.04.13"]
[Round "10.7"]
[White "Koren, Jan"]
[Black "Federic, Jozef"]
[Result "0-1"]
[WhiteElo "2115"]
[BlackElo "2195"]
[PlyCount "82"]
[EventDate "2018.11.10"]
[WhiteTeam "CVC VIX Mladost Zilina"]
[BlackTeam "SK Modra"]

1. e4 c5 2. c3 Nf6 3. e5 Nd5 4. Nf3 e6 5. c4 Nb6 6. Nc3 d5 7. exd6 Bxd6 8. b3
O-O 9. Be2 Nc6 10. Bb2 e5 11. Ne4 Nd4 12. Nxd4 exd4 13. Nxd6 Qxd6 14. O-O Bf5
15. f4 Rfe8 16. Bg4 Bd3 17. Rf2 f5 18. Bf3 Re7 19. g3 a5 20. a3 a4 21. Rc1 Kh8
22. Be2 Rxe2 23. Rxe2 Bxe2 24. Qxe2 axb3 25. Qd3 Na4 26. Qxb3 Qb6 27. Qxb6 Nxb6
28. Kf2 Re8 29. d3 Na4 30. Rb1 Re3 31. Bc1 Rxd3 32. Rxb7 h6 33. Ke2 Rc3 34. Bd2
Rxa3 35. Rc7 Ra2 36. g4 Nc3+ 37. Kd3 Ne4 38. Be1 Ra3+ 39. Kc2 fxg4 40. f5 Rf3
41. Re7 Nd6 0-1

[Event "SVK Extraliga 2018/2019"]
[Site "?"]
[Date "2019.04.13"]
[Round "10.8"]
[White "Mydlarik, Martin"]
[Black "Gajdosik, Andrej"]
[Result "1-0"]
[WhiteElo "2130"]
[BlackElo "2017"]
[PlyCount "85"]
[EventDate "2018.11.10"]
[WhiteTeam "SK Modra"]
[BlackTeam "CVC VIX Mladost Zilina"]

1. e4 d6 2. d4 g6 3. c4 Bg7 4. Nc3 Nf6 5. f4 O-O 6. Nf3 c5 7. d5 Bg4 8. Be2
Nbd7 9. O-O a6 10. h3 Bxf3 11. Bxf3 Qc7 12. Qd3 Rad8 13. Be3 e5 14. dxe6 fxe6
15. Rad1 Nb6 16. Rd2 Rd7 17. g4 Ne8 18. g5 Bd4 19. Bg4 Re7 20. b3 Bxe3+ 21.
Qxe3 Ng7 22. Qd3 Rd7 23. a4 Rdd8 24. a5 Nc8 25. f5 exf5 26. exf5 Nxf5 27. Nd5
Qg7 28. Nf6+ Kh8 29. Bxf5 gxf5 30. Qxf5 Rf7 31. Rg2 Rdf8 32. Qf4 Qg6 33. h4 Qd3
34. Rg3 Qd4+ 35. Qxd4 cxd4 36. Rd3 Ne7 37. Rxd4 Nc6 38. Rd5 Kg7 39. Rdf5 Kh8
40. Rd1 Rd8 41. Rfd5 Re7 42. Kf2 Kg7 43. c5 1-0

[Event "SVK Extraliga 2018/2019"]
[Site "?"]
[Date "2019.04.13"]
[Round "10.1"]
[White "Aczel, Gergely"]
[Black "Piorun, Kacper"]
[Result "1/2-1/2"]
[WhiteElo "2542"]
[BlackElo "2660"]
[PlyCount "38"]
[EventDate "2018.11.10"]
[WhiteTeam "SK Aquamarin Podhajska"]
[BlackTeam "TJ Inbest Dunajov"]

1. d4 f5 2. Nc3 Nf6 3. Bg5 d5 4. Bxf6 exf6 5. e3 Be6 6. Qf3 Nc6 7. h4 Ne7 8. h5
Qd7 9. Bd3 c6 10. Nge2 Nc8 11. Nf4 Bf7 12. O-O-O Nd6 13. Ng6 Rg8 14. Nxf8 Rxf8
15. Rdg1 Be6 16. Ne2 Qe7 17. Ng3 Qd7 18. Ne2 Qe7 19. Ng3 Qd7 1/2-1/2

[Event "SVK Extraliga 2018/2019"]
[Site "?"]
[Date "2019.04.13"]
[Round "10.7"]
[White "Gazik, Igor"]
[Black "Kantorik, Marian"]
[Result "1/2-1/2"]
[WhiteElo "2253"]
[BlackElo "2188"]
[PlyCount "70"]
[EventDate "2018.11.10"]
[WhiteTeam "SK Aquamarin Podhajska"]
[BlackTeam "TJ Inbest Dunajov"]

1. d4 d5 2. Nf3 Nf6 3. e3 c6 4. Nbd2 e6 5. Ne5 Nfd7 6. f4 Nxe5 7. fxe5 f5 8.
exf6 Qxf6 9. Nf3 Bd6 10. Bd3 O-O 11. O-O Qh6 12. e4 Bf4 13. Qe2 Nd7 14. e5 Nb6
15. b3 Bxc1 16. Raxc1 Bd7 17. c4 Be8 18. c5 Nd7 19. Rc2 Bg6 20. b4 a6 21. a4
Bxd3 22. Qxd3 Qf4 23. Rb2 b5 24. Ra2 Qg4 25. Ra3 Rac8 26. Qe3 Rf5 27. axb5 axb5
28. h3 Qg3 29. Ra7 Nf8 30. Rfa1 Ng6 31. Ra8 Rcf8 32. Qf2 Qf4 33. Qd2 Qg3 34.
Qf2 Qf4 35. Qd2 Qg3 1/2-1/2

[Event "SVK Extraliga 2018/2019"]
[Site "?"]
[Date "2019.04.13"]
[Round "10.8"]
[White "Lisko, Frantisek"]
[Black "Szucs, Vladimir"]
[Result "1/2-1/2"]
[WhiteElo "2255"]
[BlackElo "2155"]
[PlyCount "34"]
[EventDate "2018.11.10"]
[WhiteTeam "TJ Inbest Dunajov"]
[BlackTeam "SK Aquamarin Podhajska"]

1. d4 d5 2. c4 dxc4 3. e4 e5 4. Nf3 Bb4+ 5. Bd2 Bxd2+ 6. Nbxd2 exd4 7. Bxc4 Nc6
8. O-O Qf6 9. e5 Qg6 10. Re1 Nge7 11. Nb3 Bg4 12. Nc5 b6 13. Na6 Rc8 14. Rc1
O-O 15. Bd3 Qh5 16. Bb5 Qg6 17. Bd3 Qh6 1/2-1/2

[Event "SVK Extraliga 2018/2019"]
[Site "?"]
[Date "2019.04.13"]
[Round "10.3"]
[White "Cibickova, Zuzana"]
[Black "Roubalik, Jakub"]
[Result "1/2-1/2"]
[WhiteElo "2239"]
[BlackElo "2417"]
[PlyCount "49"]
[EventDate "2018.11.10"]
[WhiteTeam "KSC Komarno"]
[BlackTeam "SKS Dubnica nad Vahom"]

1. e4 e5 2. Nf3 Nc6 3. d4 exd4 4. Nxd4 Nf6 5. Nxc6 bxc6 6. Bd3 d5 7. exd5 cxd5
8. O-O Be7 9. Nd2 O-O 10. b3 c5 11. Bb2 Bb7 12. Re1 d4 13. Be2 Qc7 14. Bf3 Nd5
15. Nc4 Bf6 16. Be4 Rae8 17. Qh5 Rxe4 18. Rxe4 Nf4 19. Qf5 Bxe4 20. Qxe4 g6 21.
Re1 Ne6 22. Bc1 Rd8 23. Bd2 Qd7 24. Qd3 Qd5 25. h3 1/2-1/2

[Event "SVK Extraliga 2018/2019"]
[Site "?"]
[Date "2019.04.13"]
[Round "10.5"]
[White "Szegi, Tamas"]
[Black "Piesik, Piotr"]
[Result "0-1"]
[WhiteElo "2195"]
[BlackElo "2420"]
[PlyCount "72"]
[EventDate "2018.11.10"]
[WhiteTeam "KSC Komarno"]
[BlackTeam "SKS Dubnica nad Vahom"]

1. e4 c5 2. Nf3 d6 3. d4 cxd4 4. Nxd4 Nf6 5. Nc3 a6 6. Be3 e5 7. Nde2 Be7 8.
Qd2 Ng4 9. Nd5 Nxe3 10. fxe3 Bg5 11. O-O-O O-O 12. Ng1 Nd7 13. Nf3 Bh6 14. Kb1
Nc5 15. Nc3 Be6 16. Qxd6 Qxd6 17. Rxd6 Rfd8 18. Rxd8+ Rxd8 19. Be2 f6 20. b4
Nd7 21. Rd1 Bxe3 22. Nd5 Ba7 23. Nc7 Bf7 24. b5 a5 25. Nxe5 fxe5 26. Bg4 Bb6
27. Ne6 Re8 28. Nxg7 Kxg7 29. Rxd7 Bc5 30. Rxb7 Re7 31. Rxe7 Bxe7 32. Bf5 Bc5
33. a4 h6 34. g4 Kf6 35. h4 Bf2 36. h5 Bc4 0-1

[Event "SVK Extraliga 2018/2019"]
[Site "?"]
[Date "2019.04.13"]
[Round "10.6"]
[White "Vojtek, Vladimir"]
[Black "Kukel, Imre"]
[Result "1-0"]
[WhiteElo "2309"]
[BlackElo "2258"]
[PlyCount "59"]
[EventDate "2018.11.10"]
[WhiteTeam "SKS Dubnica nad Vahom"]
[BlackTeam "KSC Komarno"]

1. e4 c5 2. c3 d5 3. exd5 Qxd5 4. d4 Nc6 5. Nf3 cxd4 6. cxd4 e5 7. Nc3 Bb4 8.
Bd2 Bxc3 9. Bxc3 e4 10. Ne5 Nxe5 11. dxe5 Ne7 12. Qe2 Bd7 13. Rd1 Qxa2 14. Qxe4
Bc6 15. Qg4 O-O 16. Bc4 Qa4 17. b3 Qa3 18. O-O g6 19. Bb4 Qxb4 20. Bxf7+ Rxf7
21. Qxb4 Nd5 22. Qd6 Nf4 23. f3 Re8 24. Rfe1 Ne6 25. Qa3 a6 26. Rd6 Nc7 27. Qc5
Ne6 28. Qc4 Nd8 29. Red1 Ne6 30. Rxe6 1-0

[Event "SVK Extraliga 2018/2019"]
[Site "?"]
[Date "2019.04.13"]
[Round "10.7"]
[White "Joba, Arpad"]
[Black "Zpevak, Pavel"]
[Result "1/2-1/2"]
[WhiteElo "2054"]
[BlackElo "2342"]
[PlyCount "63"]
[EventDate "2018.11.10"]
[WhiteTeam "KSC Komarno"]
[BlackTeam "SKS Dubnica nad Vahom"]

1. e4 c5 2. Nf3 e6 3. c3 Nf6 4. e5 Nd5 5. d4 cxd4 6. cxd4 d6 7. Nc3 Nxc3 8.
bxc3 Qc7 9. Bd2 Nd7 10. Qa4 Be7 11. Bd3 O-O 12. exd6 Bxd6 13. O-O b6 14. Be4
Rb8 15. c4 Nf6 16. Bc6 Bd7 17. Bxd7 Nxd7 18. Rac1 e5 19. dxe5 Nxe5 20. Nxe5
Bxe5 21. h3 Bd4 22. c5 Rbd8 23. cxb6 Qxb6 24. Bb4 Rfe8 25. Ba5 Qa6 26. Rc4 Bb6
27. Bxb6 Qxa4 28. Rxa4 axb6 29. Rb1 Re6 30. Ra6 g6 31. a4 Rd4 32. Raxb6 1/2-1/2

[Event "SVK Extraliga 2018/2019"]
[Site "?"]
[Date "2019.04.13"]
[Round "10.8"]
[White "Veres, Andrej"]
[Black "Viczencz, Peter"]
[Result "1-0"]
[WhiteElo "2228"]
[BlackElo "2055"]
[PlyCount "81"]
[EventDate "2018.11.10"]
[WhiteTeam "SKS Dubnica nad Vahom"]
[BlackTeam "KSC Komarno"]

1. d4 c5 2. d5 Nf6 3. c4 e6 4. Nc3 exd5 5. cxd5 d6 6. e4 a6 7. a4 g6 8. Be2 Bg7
9. Nf3 O-O 10. O-O Re8 11. Nd2 Qc7 12. Qc2 Nbd7 13. Re1 Rb8 14. b3 Ne5 15. Bb2
Qe7 16. Nf1 Bd7 17. f4 Neg4 18. h3 Nh6 19. Bf3 Nh5 20. Ne2 f5 21. Bxh5 gxh5 22.
Neg3 Qf7 23. e5 dxe5 24. fxe5 Qxd5 25. Nxh5 Bh8 26. Rad1 Qf7 27. Nf4 Rbc8 28.
Re3 Be6 29. Ng3 c4 30. Ngh5 Qc7 31. Rg3+ Kf7 32. Nxe6 Rxe6 33. Nf4 Rxe5 34.
bxc4 Re4 35. Bxh8 Rxh8 36. Nh5 Rg8 37. Rf3 Kg6 38. Ng3 Rxc4 39. Qe2 Rf8 40.
Rfd3 Rf6 41. Qh5+ 1-0

[Event "SVK Extraliga 2018/2019"]
[Site "?"]
[Date "2019.04.14"]
[Round "11.1"]
[White "Papp, Gabor"]
[Black "Navara, David"]
[Result "0-1"]
[WhiteElo "2598"]
[BlackElo "2733"]
[PlyCount "80"]
[EventDate "2018.11.10"]
[WhiteTeam "Slovan Commander"]
[BlackTeam "Reinter Snina"]

1. e4 c5 2. Nf3 d6 3. d4 cxd4 4. Nxd4 Nf6 5. Nc3 a6 6. Bg5 Nbd7 7. Bc4 Qb6 8.
Bb3 e6 9. Qd2 Be7 10. O-O-O Nc5 11. f3 Qc7 12. g4 b5 13. h4 Bd7 14. Kb1 b4 15.
Nce2 a5 16. Ng3 h6 17. Bf4 e5 18. g5 exf4 19. gxf6 Nxb3 20. cxb3 fxg3 21. fxe7
Kxe7 22. Rhg1 a4 23. Rxg3 axb3 24. Nxb3 Be6 25. f4 Qc6 26. Re3 Qa6 27. a3 bxa3
28. f5 Bxb3 29. Rxb3 Rhb8 30. Rxb8 Rxb8 31. Qc3 Qb7 32. Qxa3 Qxe4+ 33. Rd3 Qh1+
34. Kc2 Rc8+ 35. Kb3 Qc6 36. Qa7+ Kf6 37. Qd4+ Kxf5 38. Qf2+ Kg6 39. h5+ Kh7
40. Qf5+ Kg8 0-1

[Event "SVK Extraliga 2018/2019"]
[Site "?"]
[Date "2019.04.14"]
[Round "11.2"]
[White "Babula, Vlastimil"]
[Black "Banusz, Tamas"]
[Result "1/2-1/2"]
[WhiteElo "2549"]
[BlackElo "2614"]
[PlyCount "61"]
[EventDate "2018.11.10"]
[WhiteTeam "Reinter Snina"]
[BlackTeam "Slovan Commander"]

1. d4 d5 2. c4 c6 3. Nf3 Nf6 4. Nc3 dxc4 5. a4 e6 6. e3 c5 7. Bxc4 cxd4 8. exd4
Be7 9. O-O O-O 10. Qe2 Nc6 11. Rd1 Nb4 12. a5 Bd7 13. Ne5 Be8 14. Bf4 Nfd5 15.
Bg3 Bh4 16. Bxh4 Qxh4 17. Bxd5 Nxd5 18. Nxd5 exd5 19. Qf3 Qd8 20. Qb3 Rb8 21.
Rdc1 f6 22. Nd3 Bf7 23. Nc5 Qe7 24. Re1 Qc7 25. g3 Rfd8 26. Re3 Qc8 27. Re7 b6
28. axb6 axb6 29. Raa7 bxc5 30. Rxf7 Rxb3 31. Rxg7+ 1/2-1/2

[Event "SVK Extraliga 2018/2019"]
[Site "?"]
[Date "2019.04.14"]
[Round "11.3"]
[White "Antal, Gergely"]
[Black "Markos, Jan"]
[Result "1/2-1/2"]
[WhiteElo "2552"]
[BlackElo "2571"]
[PlyCount "41"]
[EventDate "2018.11.10"]
[WhiteTeam "Slovan Commander"]
[BlackTeam "Reinter Snina"]

1. e4 c5 2. Nf3 Nc6 3. Bb5 g6 4. Bxc6 bxc6 5. d4 Bg7 6. dxc5 Qa5+ 7. Nbd2 Qxc5
8. O-O d6 9. Re1 f6 10. c4 Nh6 11. Qa4 Ng4 12. Re2 Bd7 13. h3 Ne5 14. Nxe5 Qxe5
15. Nf3 Qh5 16. Qb3 Kf7 17. e5 dxe5 18. g4 Bxg4 19. hxg4 Qxg4+ 20. Kf1 Qh3+ 21.
Kg1 1/2-1/2

[Event "SVK Extraliga 2018/2019"]
[Site "?"]
[Date "2019.04.14"]
[Round "11.4"]
[White "Kriebel, Tadeas"]
[Black "Ftacnik, Lubomir"]
[Result "1-0"]
[WhiteElo "2514"]
[BlackElo "2516"]
[PlyCount "121"]
[EventDate "2018.11.10"]
[WhiteTeam "Reinter Snina"]
[BlackTeam "Slovan Commander"]

1. e4 c5 2. Nf3 d6 3. d4 cxd4 4. Nxd4 Nf6 5. Nc3 a6 6. Be3 e5 7. Nb3 Be6 8. f3
h5 9. Nd5 Nxd5 10. exd5 Bf5 11. Bd3 Bxd3 12. Qxd3 Be7 13. O-O-O Nd7 14. Kb1 Rc8
15. g3 Qc7 16. h3 Qc4 17. Qxc4 Rxc4 18. Na5 Rc7 19. c4 f5 20. Rd3 O-O 21. Rb3
f4 22. gxf4 exf4 23. Bb6 Rcc8 24. Bd4 Bf6 25. Rxb7 Bxd4 26. Rxd7 Rfe8 27. Nc6
Bf6 28. Rxd6 Re2 29. Rxf6 gxf6 30. Rd1 Kf7 31. d6 Rxc6 32. d7 Rb6 33. b3 Rb8
34. d8=Q Rxd8 35. Rxd8 Re3 36. Kc2 Rxf3 37. c5 Ke7 38. Rd2 Rg3 39. c6 Rg8 40.
Rd7+ Ke6 41. Rh7 Kd6 42. c7 Kc6 43. Kd3 Kb7 44. Ke4 Rg2 45. Rxh5 Kxc7 46. Ra5
Kb6 47. Rf5 Rxa2 48. Rxf4 a5 49. Rxf6+ Kc7 50. Rf3 Kd6 51. Kf5 Ke7 52. h4 Kf7
53. Ke5+ Ke7 54. Kd4 a4 55. b4 a3 56. Kc5 Rh2 57. Rxa3 Rxh4 58. Rd3 Rh5+ 59.
Kc6 Rh6+ 60. Kb7 Rh5 61. Ka6 1-0

[Event "SVK Extraliga 2018/2019"]
[Site "?"]
[Date "2019.04.14"]
[Round "11.5"]
[White "Pacher, Milan"]
[Black "Mrva, Martin"]
[Result "1-0"]
[WhiteElo "2391"]
[BlackElo "2416"]
[PlyCount "75"]
[EventDate "2018.11.10"]
[WhiteTeam "Slovan Commander"]
[BlackTeam "Reinter Snina"]

1. e4 d6 2. d4 a6 3. c4 c5 4. Nf3 cxd4 5. Nxd4 b6 6. Bd3 Bb7 7. O-O Nd7 8. Nc3
g6 9. Be3 Ngf6 10. Rc1 Bg7 11. Bb1 O-O 12. h3 Rc8 13. b3 b5 14. cxb5 axb5 15.
Ndxb5 Qa5 16. a4 Rfd8 17. Qe1 Qa8 18. Bd4 Nc5 19. Bxc5 Rxc5 20. Rd1 Rdc8 21.
Bd3 Bf8 22. b4 R5c6 23. a5 Qb8 24. Nd5 Nd7 25. Nd4 Rc4 26. Bxc4 Rxc4 27. b5 e6
28. Nb4 Qa8 29. Ndc6 Ne5 30. Nxe5 Rxe4 31. Nec6 Rxe1 32. Rfxe1 d5 33. a6 Bc8
34. Ra1 Bc5 35. Nxd5 exd5 36. Re8+ Kg7 37. a7 d4 38. Rxc8 1-0

[Event "SVK Extraliga 2018/2019"]
[Site "?"]
[Date "2019.04.14"]
[Round "11.6"]
[White "Holtman, Teodor"]
[Black "Bures, Jaroslav"]
[Result "1/2-1/2"]
[WhiteElo "2261"]
[BlackElo "2384"]
[PlyCount "90"]
[EventDate "2018.11.10"]
[WhiteTeam "Reinter Snina"]
[BlackTeam "Slovan Commander"]

1. e4 c6 2. Nc3 d5 3. Nf3 dxe4 4. Nxe4 Nf6 5. Qe2 Nxe4 6. Qxe4 Qd5 7. Qf4 Qf5
8. d3 Qxf4 9. Bxf4 Nd7 10. O-O-O Nf6 11. h3 Bf5 12. g4 Be6 13. Bg2 Bd5 14. c4
Bxf3 15. Bxf3 e6 16. d4 O-O-O 17. Kc2 h6 18. Kc3 Bd6 19. Bxd6 Rxd6 20. Rhe1 g5
21. Re3 Rhd8 22. Red3 b6 23. a3 Kc7 24. b3 c5 25. dxc5 Rxd3+ 26. Rxd3 Rxd3+ 27.
Kxd3 bxc5 28. b4 Kd6 29. Ke3 Nd7 30. Bd1 Ne5 31. Be2 Nc6 32. b5 Na5 33. f4 Ke7
34. Kf3 f5 35. a4 Kf6 36. gxf5 exf5 37. Ke3 Ke6 38. Kf3 Nb3 39. Bd1 Na5 40. Be2
Ke7 41. Ke3 Kf6 42. Kf3 Nb3 43. Ke3 Na5 44. Kf3 Kg6 45. Kg3 Kf6 1/2-1/2

[Event "SVK Extraliga 2018/2019"]
[Site "?"]
[Date "2019.04.14"]
[Round "11.7"]
[White "Zetocha, Claudiu"]
[Black "Pcola, Pavol"]
[Result "1/2-1/2"]
[WhiteElo "2315"]
[BlackElo "2382"]
[PlyCount "41"]
[EventDate "2018.11.10"]
[WhiteTeam "Slovan Commander"]
[BlackTeam "Reinter Snina"]

1. Nf3 d5 2. d4 Nf6 3. e3 c6 4. c4 Bf5 5. Nc3 e6 6. Be2 h6 7. O-O Nbd7 8. Bd2
Be7 9. a3 O-O 10. Rc1 Qb8 11. cxd5 cxd5 12. Na4 Rc8 13. Qb3 Ne4 14. Rxc8+ Qxc8
15. Rc1 Qb8 16. Bb4 Bd8 17. h3 a6 18. Bd3 b6 19. Qc2 a5 20. Be1 Ra7 21. Qc8
1/2-1/2